000 00664nam a2200229Ia 4500
003 OSt
005 20220924123353.0
006 a|||||r|||| 00| 0
007 ta
008 220923b |||||||| |||| 00| 0 fre d
024 _a145218
037 _cTextual
040 _aARTS
_cARTS
_bfre
041 _2fre
_afre
082 _aY176538:3/\:87, J4(906)
100 _aGaisseau Pierre-Dominique
_9192568
245 0 _aSacred forest
_b Magic and secret rites in French Guinea
260 _aNA
_bNA
_c1954
650 _aSOCIOLOGY
942 _hY176538:3/\:87, J4(906)
_cTEXL
_2CC
999 _c415454
_d415454